| 000 | 00624nam a2200289Ia 4500 | ||
|---|---|---|---|
| 001 | 4 | ||
| 008 | 191123s9999 xx 000 0 und d | ||
| 041 | _afre | ||
| 044 | _afr | ||
| 100 | _aLassaigne, Jacques, | ||
| 245 | 0 | _aLautrec. | |
| 260 |
_aParis : _bHypérion, _c1946. |
||
| 300 |
_a47 p. _bilus. color y b/n |
||
| 650 | _aFRANCIA | ||
| 650 | _aPINTURA | ||
| 650 | _aTOULOUSELAUTREC, HENRI DE | ||
| 901 | _a04536.00 | ||
| 902 | _aM | ||
| 903 | _am | ||
| 904 | _am | ||
| 907 | _aImpreso | ||
| 911 | _ailus. color y b/n | ||
| 912 | _a1946 | ||
| 942 | _cLIBRO | ||
| 999 |
_c4 _d4 |
||
| 550 | _ailus. color y b/n | ||